[Event "POL-chT 2nd League"]
[Site "Szczyrk"]
[Date "2014.09.13"]
[Round "8.91"]
[White "Betkowski, Andrzej"]
[Black "Kaczmarek, Aleksander"]
[Result "0-1"]
[WhiteElo "2063"]
[BlackElo "2289"]
[PlyCount "86"]
[EventDate "2014.09.06"]
[EventType "team-swiss"]
[EventRounds "9"]
[EventCountry "POL"]
[SourceTitle "EXT 2015"]
[Source "ChessBase"]
[SourceDate "2014.11.20"]
[SourceVersion "1"]
[SourceVersionDate "2014.11.20"]
[SourceQuality "1"]
[WhiteTeam "Drogowiec"]
[BlackTeam "Bydgoszcz Wiartrak"]
[WhiteTeamCountry "POL"]
[BlackTeamCountry "POL"]

1. d4 g6 2. e4 c5 3. c3 Bg7 4. Nf3 cxd4 5. cxd4 d5 6. e5 Bg4 7. Bb5+ Nc6 8. Qa4 Bxf3 9. gxf3 Qb6 10. Nc3 e6 11. Bxc6+ bxc6 12. b3 Bf8 13. 0-0 Nh6 14. Bg5 Nf5 15. Rfd1 Bg7 16. Qa3 h6 17. Be3 Qd8 18. Ne2 Qh4 19. Nf4 g5 20. Ng2 Qh3 21. Qa6 0-0 22. Qe2 Kh7 23. f4 g4 24. Rd3 Rg8 25. Rc1 Rac8 26. Rdc3 Bf8 27. Rxc6 Rxc6 28. Rxc6 a5 29. Rc7 Rg7 30. Rc3 Bb4 31. Rd3 Qf3 32. Qf1 Qe4 33. Qd1 Rg8 34. Bc1 Rc8 35. Bb2 h5 36. a3 Bf8 37. f3 gxf3 38. Qxf3 Rc2 39. Qxh5+ Nh6 40. Qf3 Rxb2 41. a4 Qxf3 42. Rxf3 Nf5 43. Rd3 Nxd4 0-1

[Event "POL-chT 2nd League"]
[Site "Szczyrk"]
[Date "2014.09.12"]
[Round "7.91"]
[White "Jurkiewicz, Krzysztof"]
[Black "Betkowski, Andrzej"]
[Result "1/2-1/2"]
[WhiteElo "2320"]
[BlackElo "2063"]
[PlyCount "90"]
[EventDate "2014.09.06"]
[EventType "team-swiss"]
[EventRounds "9"]
[EventCountry "POL"]
[SourceTitle "EXT 2015"]
[Source "ChessBase"]
[SourceDate "2014.11.20"]
[SourceVersion "1"]
[SourceVersionDate "2014.11.20"]
[SourceQuality "1"]
[WhiteTeam "Kolbudy UKS Zawisza"]
[BlackTeam "Drogowiec"]
[WhiteTeamCountry "POL"]
[BlackTeamCountry "POL"]

1. c4 f5 2. g3 Nf6 3. Bg2 g6 4. b3 Bg7 5. Bb2 d6 6. d4 0-0 7. Nf3 c6 8. 0-0 a5 9. Nc3 Na6 10. Qc2 Qc7 11. Rad1 e5 12. dxe5 dxe5 13. e4 Nb4 14. Qe2 f4 15. Na4 Nh5 16. a3 Na6 17. c5 Be6 18. Qc2 Rad8 19. Rxd8 Rxd8 20. Ng5 Qe7 21. Nxe6 Qxe6 22. Rd1 Rxd1+ 23. Qxd1 Bf8 24. Bf1 Qe7 25. b4 axb4 26. axb4 fxg3 27. hxg3 Nf6 28. Bc4+ Kg7 29. Bxa6 bxa6 30. Qd3 Qe6 31. Qxa6 Nxe4 32. Qe2 Qf5 33. f3 Nf6 34. Kg2 Nd7 35. Nb6 Kf7 36. Qc4+ Ke8 37. Nxd7 Kxd7 38. b5 Qe6 39. Qd3+ Kc8 40. b6 Qa2 41. Qa3 Qxa3 42. Bxa3 h5 43. Kf1 g5 44. Kg2 Be7 45. Bb4 Kb7 1/2-1/2